| Tag |
First Indicator |
Second Indicator |
Subfields |
| LEADER |
00000cam a2200000 4500 |
| 001 |
in00003882002 |
| 005 |
20190415193223.0 |
| 006 |
m o d |
| 007 |
cr |n||||||||n |
| 008 |
820305s1771 xxu|||| o 00| | eng c |
| 035 |
|
|
|a (CU-RivES)W5074
|
| 035 |
|
|
|a (Uk-ES)006446674
|
| 035 |
|
|
|a (OCoLC)510907403
|
| 040 |
|
|
|a MWA
|c MWA
|d CU-RivES
|d CStRLIN
|d Cengage Gale
|d UtOrBLW
|
| 050 |
|
4 |
|a Z1215
|b .B535 1771
|
| 130 |
0 |
|
|a Bible.
|p Psalms.
|l English.
|p Tate and Brady.
|
| 245 |
1 |
2 |
|a A new version of the Psalms of David :
|b fitted to the tunes used in churches. By N. Brady, D.D. Chaplain in Ordinary. And N. Tate, Esq; Poet-Laureat to His Majesty.
|
| 264 |
|
3 |
|a Boston :
|b Printed and sold by John Boyles, in Marlborough-Street,
|c 1771.
|
| 300 |
|
|
|a 1 online resource (276,84 pages)
|
| 336 |
|
|
|a text
|b txt
|2 rdacontent
|
| 337 |
|
|
|a computer
|b c
|2 rdamedia
|
| 338 |
|
|
|a online resource
|b cr
|2 rdacarrier
|
| 500 |
|
|
|a "Appendix, containing a number of hymns, taken chiefly from Dr. Watts's Scriptural collection. .. Boston: Printed and sold by John Boyles .. 1771."--84 pages, with separate title page.
|
| 509 |
|
|
|a Signatures: [A]⁶ B-U⁶ W⁶ X-Y⁶; A-G⁶
|
| 510 |
4 |
|
|a Evans,
|c 11989
|
| 510 |
4 |
|
|a English Short Title Catalog,
|c W5074.
|
| 500 |
|
|
|a Reproduction of original from Library of Congress.
|
| 500 |
|
|
|a Electronic resource.
|
| 655 |
|
7 |
|a Electronic books.
|2 local
|
| 655 |
|
7 |
|a Psalters
|y 1771.
|2 rbgenr
|
| 655 |
|
7 |
|a Booksellers' advertisements
|z Massachusetts
|z Boston.
|2 rbgenr
|
| 700 |
1 |
|
|a Tate, Nahum,
|d 1652-1715,
|e author.
|0 http://id.loc.gov/authorities/names/n50008196
|
| 700 |
1 |
|
|a Brady, Nicholas,
|d 1659-1726,
|e author.
|0 http://id.loc.gov/authorities/names/n82071853
|
| 700 |
1 |
|
|a Brady, Nicholas,
|d 1659-1726.
|0 http://id.loc.gov/authorities/names/n82071853
|
| 700 |
1 |
|
|a Tate, Nahum,
|d 1652-1715.
|0 http://id.loc.gov/authorities/names/n50008196
|
| 700 |
1 |
|
|a Boyle, John,
|d 1746-1819,
|e printer.
|0 http://id.loc.gov/authorities/names/n84024124
|
| 710 |
2 |
|
|a Gale (Firm)
|0 http://id.loc.gov/authorities/names/no2008071348
|
| 710 |
2 |
|
|a Worcester Society of Antiquity (Mass.),
|e former owner.
|5 MWA DB C2
|0 http://id.loc.gov/authorities/names/no00001760
|
| 730 |
0 |
|
|a New version of the Psalms of David.
|
| 752 |
|
|
|a United States
|b Massachusetts
|d Boston.
|
| 856 |
4 |
0 |
|u http://proxy.library.tamu.edu/login?url=http://find.galegroup.com/ecco/infomark.do?contentSet=ECCOArticles&docType=ECCOArticles&bookId=1417900500&type=getFullCitation&tabID=T001&prodId=ECCO&docLevel=TEXT_GRAPHICS&version=1.0&source=library&userGroupName=txshracd2898
|z Connect to the full text of this electronic book
|t 0
|
| 999 |
f |
f |
|s ff8aa84f-1bcb-3992-aea2-8485c62f2f5d
|i 4e95b1a8-62e4-3464-82e2-ed99435dda0a
|t 0
|
| 952 |
f |
f |
|a Texas A&M University
|b College Station
|c Electronic Resources
|d Available Online
|t 0
|e Z1215 .B535 1771
|h Library of Congress classification
|
| 998 |
f |
f |
|a Z1215 .B535 1771
|t 0
|l Available Online
|